[Event "2. Bundesliga Ost 2016/2017"]
[Site "alle Wien"]
[Date "2017.03.04"]
[Round "8"]
[Board "6"]
[White "Leitner, Gerald"]
[Black "Iro, Christian"]
[Result "1-0"]
[WhiteElo "2160"]
[BlackElo "1947"]
[PlyCount "135"]
[EventDate "2016.10.15"]
[EventType "team"]
[EventRounds "11"]
[EventCountry "AUT"]
[WhiteTeam "tschaturanga"]
[BlackTeam "SK Austria"]

1. Nf3 Nf6 2. c4 e6 3. Nc3 Bb4 4. Qc2 O-O 5. a3 Bxc3 6. Qxc3 d5 7. e3 b6 8. b4
Bb7 9. Bb2 Nbd7 10. Rc1 dxc4 11. Bxc4 c5 12. O-O Rc8 13. b5 Re8 14. d3 Bd5 15.
Rcd1 Qe7 16. Nd2 Nf8 17. f4 Rcd8 18. e4 Bxc4 19. Nxc4 Ng6 20. f5 exf5 21. Rxf5
Nh4 22. Rg5 h6 23. Rg3 Ng6 24. Rf1 Qe6 25. Ne3 Ne5 26. Nf5 Nh5 27. Rh3 Nf6 28.
Qxe5 Qxe5 29. Bxe5 Rxe5 30. Nxh6+ gxh6 31. Rxf6 c4 32. dxc4 Rxe4 33. Rc6 Rd1+
34. Kf2 Rd2+ 35. Kf3 Red4 36. Rg3+ Kh7 37. h3 R2d3+ 38. Kf2 Rf4+ 39. Rf3 Rfxf3+
40. gxf3 Rxa3 41. Kg3 Kg7 42. Kg4 Rc3 43. h4 Rc1 44. Rc7 Rg1+ 45. Kf5 Ra1 46.
f4 Rc1 47. h5 Rh1 48. Kg4 Rg1+ 49. Kf5 Rh1 50. Kg4 Rg1+ 51. Kf3 Rf1+ 52. Ke4
Rc1 53. Kd5 Ra1 54. Kc6 Ra4 55. Kb7 Kf6 56. Rc6+ Kg7 57. f5 Ra3 58. f6+ Kh7 59.
Rc7 Kg8 60. Rc8+ Kh7 61. Rf8 Ra4 62. Rxf7+ Kg8 63. Rg7+ Kh8 64. Rc7 Kg8 65.
Rg7+ Kh8 66. Rg6 Rxc4 67. Rxh6+ Kg8 68. Kxa7 1-0

[Event "2. Bundesliga Ost 2016/2017"]
[Site "alle Wien"]
[Date "2017.03.04"]
[Round "8"]
[Board "1"]
[White "Jankovic, Alojzije"]
[Black "Jovanovic, Dusan"]
[Result "1-0"]
[WhiteElo "2579"]
[BlackElo "2375"]
[PlyCount "121"]
[EventDate "2016.10.15"]
[EventType "team"]
[EventRounds "11"]
[EventCountry "AUT"]
[WhiteTeam "SK Advisory Invest Baden"]
[BlackTeam "SK Sparkasse Bad Voeslau"]

1. d4 Nf6 2. Nf3 e6 3. c4 Bb4+ 4. Bd2 a5 5. g3 b6 6. Bg2 Bb7 7. O-O O-O 8. Bg5
Be7 9. Qc2 Be4 10. Qd2 d6 11. Nc3 Bb7 12. Qc2 Nc6 13. Rad1 Nd7 14. Bc1 Bf6 15.
a3 g6 16. h4 Re8 17. h5 Bg7 18. hxg6 hxg6 19. Ng5 Nf6 20. Qa4 Qd7 21. d5 Nd8
22. Qc2 e5 23. b4 axb4 24. axb4 Qg4 25. Nb5 Re7 26. Bf3 Qd7 27. Nc3 Nh7 28.
Nxh7 Kxh7 29. Ne4 f5 30. Ng5+ Kg8 31. e4 Bf6 32. Kg2 Bc8 33. Rh1 Qa4 34. Qd2
Qa2 35. Qd3 Ra4 36. Rh6 Rg7 37. exf5 Bxg5 38. Bxg5 Bxf5 39. Be4 Ra3 40. Qb1
Qxb1 41. Bxb1 Nf7 42. Bxf5 gxf5 43. Bc1 Rc3 44. Re6 Rg4 45. c5 bxc5 46. bxc5
Rxc5 47. Rf6 Rd4 48. Rh1 f4 49. gxf4 Kg7 50. Re6 Rcxd5 51. Be3 exf4 52. Bxd4+
Rxd4 53. Rhe1 c5 54. Ra1 Rd5 55. Ra7 Rf5 56. Rxd6 c4 57. Rc6 Rf6 58. Rxc4 Kg6
59. Raa4 Kg5 60. Ra5+ Kg6 61. Kf3 1-0

[Event "2. Bundesliga Ost 2016/2017"]
[Site "alle Wien"]
[Date "2017.03.04"]
[Round "8"]
[Board "2"]
[White "Plachetka, Jan"]
[Black "Sharashenidze, Akaki"]
[Result "0-1"]
[WhiteElo "2354"]
[BlackElo "2343"]
[PlyCount "80"]
[EventDate "2016.10.15"]
[EventType "team"]
[EventRounds "11"]
[EventCountry "AUT"]
[WhiteTeam "SK Sparkasse Bad Voeslau"]
[BlackTeam "SK Advisory Invest Baden"]

1. c4 c6 2. e4 d6 3. d4 Nf6 4. Nc3 e5 5. Nf3 Nbd7 6. Be2 Be7 7. O-O O-O 8. Qc2
Re8 9. Rd1 Qc7 10. h3 Nf8 11. Be3 h6 12. Rac1 Bd7 13. b4 Ne6 14. Qd2 Rad8 15.
d5 Nf8 16. a4 Qb8 17. Qb2 N6h7 18. c5 Nf6 19. Nd2 b6 20. cxd6 Bxd6 21. Nc4 cxd5
22. exd5 Re7 23. a5 Ne8 24. axb6 axb6 25. Nxb6 f5 26. f3 e4 27. fxe4 fxe4 28.
b5 Ng6 29. Nc4 Bxh3 30. Nxd6 Qxd6 31. Bf1 Nf6 32. Kh1 Bg4 33. Ne2 Re5 34. Kg1
Rh5 35. Kf2 Nxd5 36. Rc6 Qf8+ 37. Kg1 Nge7 38. Bc5 e3 39. Ng3 Bxd1 40. Nxh5
Bxh5 0-1

[Event "2. Bundesliga Ost 2016/2017"]
[Site "alle Wien"]
[Date "2017.03.04"]
[Round "8"]
[Board "3"]
[White "Zojer, Stefan"]
[Black "Grimm, Daniel"]
[Result "1/2-1/2"]
[WhiteElo "2095"]
[BlackElo "2346"]
[PlyCount "85"]
[EventDate "2016.10.15"]
[EventType "team"]
[EventRounds "11"]
[EventCountry "AUT"]
[WhiteTeam "SK Advisory Invest Baden"]
[BlackTeam "SK Sparkasse Bad Voeslau"]

1. d4 d5 2. Nf3 c6 3. e3 Nf6 4. Bd3 Bg4 5. Nbd2 e6 6. O-O Nbd7 7. c4 Bd6 8. Qc2
Bh5 9. e4 dxe4 10. Nxe4 Nxe4 11. Bxe4 Nf6 12. Ne5 Bg6 13. Bxg6 hxg6 14. Re1 O-O
15. Bg5 Qc7 16. Bxf6 gxf6 17. Nf3 Kg7 18. g3 Rad8 19. Re2 Be7 20. Rd1 Rd7 21.
Qe4 Rfd8 22. Red2 Qa5 23. b3 Qh5 24. Qe3 a6 25. Rd3 Bf8 26. Kg2 Kg8 27. h3 Bh6
28. Qe1 Bg7 29. Qe3 Qa5 30. Qe2 f5 31. h4 Bf6 32. R3d2 Kg7 33. Rd3 Rd6 34. R3d2
R6d7 35. Rd3 Qb6 36. Qe3 Qc7 37. Qe2 a5 38. R3d2 Qb8 39. Rd3 Qd6 40. R3d2 Qb8
41. Rd3 Qa7 42. Qe3 Qb8 43. Qe2 1/2-1/2

[Event "2. Bundesliga Ost 2016/2017"]
[Site "alle Wien"]
[Date "2017.03.04"]
[Round "8"]
[Board "4"]
[White "Lampl, Gerald"]
[Black "Purgar, Ivona"]
[Result "1-0"]
[WhiteElo "2082"]
[BlackElo "2134"]
[PlyCount "67"]
[EventDate "2016.10.15"]
[EventType "team"]
[EventRounds "11"]
[EventCountry "AUT"]
[WhiteTeam "SK Sparkasse Bad Voeslau"]
[BlackTeam "SK Advisory Invest Baden"]

1. d4 Nf6 2. c4 e6 3. Nf3 b6 4. g3 Bb7 5. Bg2 Bb4+ 6. Bd2 Bxd2+ 7. Qxd2 O-O 8.
O-O d6 9. d5 exd5 10. Nd4 Qc8 11. cxd5 Nxd5 12. Qg5 f5 13. Rd1 Na6 14. Bh3 h6
15. Qh5 Ne7 16. Nc3 c5 17. Ndb5 Qc6 18. e4 Rf6 19. f3 Nb4 20. a3 Nc2 21. Rac1
Ne3 22. Rd3 Nc4 23. Rcd1 a6 24. e5 dxe5 25. Rd8+ Rf8 26. R8d7 axb5 27. Rxe7 Bc8
28. Nd5 Be6 29. Qg6 Rf7 30. Rxe6 Qb7 31. Bxf5 Kf8 32. Be4 Rd8 33. Qh7 Rfd7 34.
Bg6 1-0

[Event "2. Bundesliga Ost 2016/2017"]
[Site "alle Wien"]
[Date "2017.03.04"]
[Round "8"]
[Board "5"]
[White "Trippold, Denise"]
[Black "Dittel, Herbert"]
[Result "1-0"]
[WhiteElo "2088"]
[BlackElo "2068"]
[PlyCount "93"]
[EventDate "2016.10.15"]
[EventType "team"]
[EventRounds "11"]
[EventCountry "AUT"]
[WhiteTeam "SK Advisory Invest Baden"]
[BlackTeam "SK Sparkasse Bad Voeslau"]

1. d4 Nf6 2. c4 e6 3. g3 d5 4. Bg2 Be7 5. Nf3 O-O 6. O-O dxc4 7. Qc2 Bd7 8.
Qxc4 Bc6 9. Nc3 a6 10. Qd3 b5 11. a4 b4 12. Nb1 Be4 13. Qd1 c5 14. Nbd2 Bb7 15.
dxc5 Bxc5 16. Nb3 Be7 17. Be3 Nbd7 18. Rc1 Bd5 19. Nfd4 Ne5 20. Rc2 Bxg2 21.
Kxg2 Qd5+ 22. f3 Rac8 23. Qc1 Rxc2 24. Qxc2 Nc4 25. Bc1 Ng4 26. Qd3 Nge5 27.
Qb1 Rd8 28. e4 Qb7 29. Qc2 Rc8 30. Qe2 Nd7 31. Rd1 g6 32. Nd2 Nxd2 33. Qxd2 Nc5
34. Qc2 b3 35. Qc4 e5 36. Ne2 Ne6 37. Qd5 Qb4 38. Nc3 Bf6 39. Qd3 Nc5 40. Qd6
Rd8 41. Qxf6 Rxd1 42. Nxd1 Qd4 43. Nc3 Nd3 44. Bh6 Qf2+ 45. Kh3 Nf4+ 46. Kg4
Ne6 47. Nd5 1-0

[Event "2. Bundesliga Ost 2016/2017"]
[Site "alle Wien"]
[Date "2017.03.04"]
[Round "8"]
[Board "6"]
[White "Haas, Bernhard"]
[Black "Hofegger, Jakob"]
[Result "0-1"]
[WhiteElo "2013"]
[BlackElo "2072"]
[PlyCount "48"]
[EventDate "2016.10.15"]
[EventType "team"]
[EventRounds "11"]
[EventCountry "AUT"]
[WhiteTeam "SK Sparkasse Bad Voeslau"]
[BlackTeam "SK Advisory Invest Baden"]

1. e4 e6 2. d4 d5 3. Nd2 Nf6 4. e5 Nfd7 5. f4 c5 6. c3 Nc6 7. Ndf3 Qb6 8. Ne2
Be7 9. a3 a5 10. h4 O-O 11. Qd3 f6 12. f5 fxe5 13. Ng5 e4 14. Qg3 Nf6 15. Nxe6
Bxe6 16. fxe6 Nh5 17. Qg4 g6 18. Bg5 Qxb2 19. Rd1 cxd4 20. Rd2 Qxa3 21. cxd4
Bb4 22. e7 Qa1+ 23. Nc1 Qxc1+ 24. Ke2 Nxd4+ 0-1

[Event "2. Bundesliga Ost 2016/2017"]
[Site "alle Wien"]
[Date "2017.03.05"]
[Round "9"]
[Board "1"]
[White "Jovanovic, Dusan"]
[Black "Weinzettl, Ernst"]
[Result "1-0"]
[WhiteElo "2375"]
[BlackElo "2274"]
[PlyCount "89"]
[EventDate "2016.10.15"]
[EventType "team"]
[EventRounds "11"]
[EventCountry "AUT"]
[WhiteTeam "SK Sparkasse Bad Voeslau"]
[BlackTeam "ASVOE VHS Poechlarn"]

1. Nf3 Nf6 2. b3 g6 3. Bb2 Bg7 4. g3 O-O 5. Bg2 d6 6. d4 c5 7. O-O cxd4 8. Nxd4
d5 9. c4 e5 10. Nf3 e4 11. Nd4 Nc6 12. cxd5 Qxd5 13. Nxc6 Qxc6 14. Na3 Bf5 15.
Rc1 Qe6 16. Rc4 Rfd8 17. Qc1 h5 18. Nb5 Rac8 19. Rxc8 Rxc8 20. Qa1 a6 21. Nd4
Qd7 22. Nxf5 Qxf5 23. Qb1 Re8 24. Bxf6 Bxf6 25. Rc1 h4 26. Rc4 hxg3 27. hxg3 b5
28. Rxe4 Rxe4 29. Bxe4 Qe6 30. Qd3 Kg7 31. Bb7 Be5 32. Kg2 g5 33. e3 f5 34. Qd8
g4 35. Bd5 Qd6 36. Qg8+ Kf6 37. e4 fxe4 38. Bxe4 Qe6 39. Qh7 b4 40. Bb7 a5 41.
Qh6+ Ke7 42. Qxe6+ Kxe6 43. Bc8+ Kf6 44. Bxg4 Bc3 45. f4 1-0

[Event "2. Bundesliga Ost 2016/2017"]
[Site "alle Wien"]
[Date "2017.03.05"]
[Round "9"]
[Board "2"]
[White "Loeffler, Stefan"]
[Black "Plachetka, Jan"]
[Result "1/2-1/2"]
[WhiteElo "2378"]
[BlackElo "2354"]
[PlyCount "159"]
[EventDate "2016.10.15"]
[EventType "team"]
[EventRounds "11"]
[EventCountry "AUT"]
[WhiteTeam "ASVOE VHS Poechlarn"]
[BlackTeam "SK Sparkasse Bad Voeslau"]

1. d4 Nf6 2. Nf3 e6 3. c4 d5 4. Nc3 Be7 5. Bg5 h6 6. Bxf6 Bxf6 7. Qd2 c6 8. e4
dxe4 9. Nxe4 Be7 10. Bd3 Nd7 11. O-O O-O 12. Rad1 Qc7 13. Bb1 b6 14. d5 exd5
15. cxd5 cxd5 16. Qxd5 Rb8 17. Rc1 Qb7 18. Qd3 g6 19. Nd6 Bxd6 20. Qxd6 Nc5 21.
Ne5 Be6 22. Nc6 Rbe8 23. b4 Na6 24. Rfe1 Nb8 25. Bxg6 Nxc6 26. Be4 Qb8 27. Qd2
Ne7 28. Qxh6 Nf5 29. Qh5 Qf4 30. Re3 Qh6 31. Rg3+ Kh8 32. Rg5 Qxh5 33. Rxh5+
Kg7 34. Bxf5 Bxa2 35. h4 Re5 36. Rc6 Rd8 37. Rg5+ Kf8 38. Rc7 a5 39. bxa5 bxa5
40. Ra7 Rd4 41. Bd7 Re1+ 42. Kh2 Rxh4+ 43. Kg3 Rhe4 44. Raxa5 Be6 45. Ra8+ Ke7
46. Bxe6 Kxe6 47. f4 R1e2 48. Ra6+ Ke7 49. Rf5 R4e3+ 50. Kh2 Kf8 51. Ra8+ Kg7
52. Rg5+ Kf6 53. Raa5 Re6 54. Kh3 Ke7 55. g3 R2e3 56. Kg4 Rb3 57. Rg8 Reb6 58.
Ra7+ Rb7 59. Rxb7+ Rxb7 60. Kh5 Rb6 61. g4 Rb4 62. f5 f6 63. Kh6 Kf7 64. Rg7+
Kf8 65. g5 fxg5 66. Kg6 g4 67. Rf7+ Ke8 68. Rg7 g3 69. Rg8+ Kd7 70. Kf7 Rb3 71.
f6 Rf3 72. Rg6 Kd6 73. Ke8 Ke5 74. f7 Rxf7 75. Kxf7 Kf4 76. Kf6 Kf3 77. Kg5 g2
78. Kh4 Kf2 79. Rf6+ Ke2 80. Rg6 1/2-1/2

[Event "2. Bundesliga Ost 2016/2017"]
[Site "alle Wien"]
[Date "2017.03.05"]
[Round "9"]
[Board "3"]
[White "Grimm, Daniel"]
[Black "Ganaus, Hannes"]
[Result "1/2-1/2"]
[WhiteElo "2346"]
[BlackElo "2277"]
[PlyCount "33"]
[EventDate "2016.10.15"]
[EventType "team"]
[EventRounds "11"]
[EventCountry "AUT"]
[WhiteTeam "SK Sparkasse Bad Voeslau"]
[BlackTeam "ASVOE VHS Poechlarn"]

1. e4 e6 2. d4 d5 3. Nc3 Nf6 4. Bg5 dxe4 5. Nxe4 Be7 6. Bxf6 gxf6 7. Qd2 f5 8.
Nc3 a6 9. f4 b5 10. Be2 Bb7 11. Bf3 Bxf3 12. Nxf3 Nd7 13. O-O-O Nb6 14. Kb1 b4
15. Ne2 a5 16. Qd3 Qd5 17. Ng3 1/2-1/2

[Event "2. Bundesliga Ost 2016/2017"]
[Site "alle Wien"]
[Date "2017.03.05"]
[Round "9"]
[Board "4"]
[White "Wilke, Werner"]
[Black "Lampl, Gerald"]
[Result "1/2-1/2"]
[WhiteElo "2226"]
[BlackElo "2082"]
[PlyCount "80"]
[EventDate "2016.10.15"]
[EventType "team"]
[EventRounds "11"]
[EventCountry "AUT"]
[WhiteTeam "ASVOE VHS Poechlarn"]
[BlackTeam "SK Sparkasse Bad Voeslau"]

1. e4 c6 2. d4 d5 3. e5 c5 4. dxc5 Nc6 5. Bb5 e6 6. a3 Bxc5 7. b4 Bxf2+ 8. Kf1
Bxg1 9. Rxg1 Qb6 10. Qe2 Bd7 11. c4 dxc4 12. Nc3 Qd4 13. Bb2 Qf4+ 14. Ke1 Qxh2
15. Rf1 Qg3+ 16. Rf2 Qxe5 17. Ne4 Qh2 18. g3 Qh1+ 19. Rf1 Qh3 20. Bxg7 O-O-O
21. Bxh8 Nge7 22. Nd6+ Kb8 23. Be5 Nxe5 24. Qxe5 Ng6 25. Qe3 Bxb5 26. Nxb5 b6
27. Nd4 Rd5 28. Rxf7 Ne5 29. Rf8+ Kb7 30. Rd1 Nd3+ 31. Rxd3 cxd3 32. Rf7+ Kc8
33. Qxe6+ Qxe6+ 34. Nxe6 Re5+ 35. Kd2 Rxe6 36. Rxh7 Rg6 37. Rh3 Rg4 38. Kxd3 a5
39. Kc3 axb4+ 40. axb4 Kd7 1/2-1/2

[Event "2. Bundesliga Ost 2016/2017"]
[Site "alle Wien"]
[Date "2017.03.05"]
[Round "9"]
[Board "5"]
[White "Dittel, Herbert"]
[Black "Ernst, Michael"]
[Result "1/2-1/2"]
[WhiteElo "2068"]
[BlackElo "2071"]
[PlyCount "55"]
[EventDate "2016.10.15"]
[EventType "team"]
[EventRounds "11"]
[EventCountry "AUT"]
[WhiteTeam "SK Sparkasse Bad Voeslau"]
[BlackTeam "ASVOE VHS Poechlarn"]

1. d4 Nf6 2. Nf3 d5 3. c4 e6 4. Nc3 Bb4 5. e3 O-O 6. Bd3 Nc6 7. O-O a6 8. cxd5
exd5 9. h3 Re8 10. Qc2 Bf8 11. a3 g6 12. b4 Ne7 13. Rb1 Bf5 14. Ne5 Bxd3 15.
Nxd3 Nf5 16. a4 Nd6 17. b5 axb5 18. axb5 Nc4 19. Nb4 Bxb4 20. Rxb4 c6 21. Qb3
Qd6 22. Rd1 h5 23. Ra4 Kg7 24. Qa2 Qd8 25. bxc6 bxc6 26. Rxa8 Qxa8 27. Qxa8
Rxa8 28. Bd2 1/2-1/2

[Event "2. Bundesliga Ost 2016/2017"]
[Site "alle Wien"]
[Date "2017.03.05"]
[Round "9"]
[Board "6"]
[White "Schweitzer, Werner"]
[Black "Haas, Bernhard"]
[Result "0-1"]
[WhiteElo "2026"]
[BlackElo "2013"]
[PlyCount "104"]
[EventDate "2016.10.15"]
[EventType "team"]
[EventRounds "11"]
[EventCountry "AUT"]
[WhiteTeam "ASVOE VHS Poechlarn"]
[BlackTeam "SK Sparkasse Bad Voeslau"]

1. e4 e6 2. d4 d5 3. Nd2 Nf6 4. e5 Nfd7 5. Bd3 c5 6. c3 Nc6 7. Ngf3 cxd4 8.
cxd4 Qb6 9. O-O Nxd4 10. Nxd4 Qxd4 11. Nf3 Qb4 12. a3 Qg4 13. b4 Be7 14. Be3 h6
15. Bd4 O-O 16. h3 Qh5 17. Kh2 f6 18. Qc2 f5 19. Ng1 Re8 20. f4 a6 21. g4 Qf7
22. gxf5 exf5 23. Bxf5 Nf8 24. Bd3 g6 25. Qg2 Bf5 26. Bxf5 Qxf5 27. Qxd5+ Kh7
28. Ne2 Rad8 29. Qxb7 Ne6 30. Be3 Ng5 31. Qg2 Ne6 32. Ng3 Qd3 33. Rf3 Rc8 34.
Bd2 Qd4 35. Raf1 Rc2 36. R1f2 Rec8 37. Be3 Qd1 38. f5 Ng5 39. fxg6+ Kxg6 40.
Ne4 Qxf3 41. Rxf3 Rxg2+ 42. Kxg2 Nxe4 43. Rf4 Rc2+ 44. Kg1 Ng5 45. Rg4 Kf5 46.
Rg3 Kxe5 47. h4 Ne4 48. Rg7 Bxh4 49. Bxh6 Bf2+ 50. Kf1 Ng3+ 51. Kg2 Nf5 52. Rg6
Nh4+ 0-1

[Event "2. Bundesliga Ost 2016/2017"]
[Site "alle Wien"]
[Date "2017.03.05"]
[Round "9"]
[Board "1"]
[White "Menezes, Christoph"]
[Black "Jankovic, Alojzije"]
[Result "1-0"]
[WhiteElo "2411"]
[BlackElo "2579"]
[PlyCount "77"]
[EventDate "2016.10.15"]
[EventType "team"]
[EventRounds "11"]
[EventCountry "AUT"]
[WhiteTeam "tschaturanga"]
[BlackTeam "SK Advisory Invest Baden"]

1. d4 Nf6 2. c4 g6 3. Nc3 Bg7 4. e4 d6 5. Nf3 O-O 6. Be2 Nbd7 7. O-O e5 8. Be3
Qe7 9. d5 c5 10. Ne1 Kh8 11. Nd3 Ng8 12. Qd2 f5 13. exf5 gxf5 14. f4 e4 15. Nf2
Ndf6 16. h3 h5 17. g3 Qf7 18. Kh2 Ne7 19. Rg1 Bd7 20. a4 Rg8 21. Rg2 Bh6 22.
Rh1 Ng6 23. Kg1 b6 24. Kf1 a6 25. Rgg1 Bf8 26. Qd1 h4 27. g4 Be7 28. Rg2 Nh7
29. gxf5 Bxf5 30. Rhg1 Bf6 31. Ncxe4 Qe7 32. Bd3 Bxb2 33. Nxd6 Bxh3 34. Nxh3
Qxe3 35. Bxg6 Rxg6 36. Rxg6 Qxh3+ 37. Ke2 Qh2+ 38. Kd3 Qxf4 39. Qg4 1-0

[Event "2. Bundesliga Ost 2016/2017"]
[Site "alle Wien"]
[Date "2017.03.05"]
[Round "9"]
[Board "2"]
[White "Sharashenidze, Akaki"]
[Black "Wcislo, Damian"]
[Result "1-0"]
[WhiteElo "2343"]
[BlackElo "2304"]
[PlyCount "97"]
[EventDate "2016.10.15"]
[EventType "team"]
[EventRounds "11"]
[EventCountry "AUT"]
[WhiteTeam "SK Advisory Invest Baden"]
[BlackTeam "tschaturanga"]

1. Nf3 d5 2. g3 Bg4 3. Bg2 Nd7 4. O-O Ngf6 5. d3 e5 6. h3 Bxf3 7. Bxf3 c6 8. c4
dxc4 9. dxc4 e4 10. Bg2 Bc5 11. Qb3 Qb6 12. e3 Qxb3 13. axb3 O-O-O 14. Bd2 Kb8
15. Bc3 Bd6 16. Rd1 Bc7 17. Nd2 Rhe8 18. Kf1 Be5 19. Ke2 Bxc3 20. bxc3 a6 21.
b4 c5 22. Nb3 cxb4 23. cxb4 Ne5 24. Nd2 Kc7 25. Rdb1 Nd3 26. Ra2 Re6 27. Rc2 g5
28. Rb3 Rb6 29. Nxe4 Nxe4 30. Rxd3 f5 31. Rxd8 Kxd8 32. Rb2 Kc7 33. g4 Nc3+ 34.
Kd3 Na4 35. Rb1 a5 36. b5 Nc5+ 37. Kd4 Rd6+ 38. Bd5 b6 39. gxf5 Rh6 40. Rg1 Rh5
41. f6 Kd6 42. f7 Ke7 43. f4 h6 44. fxg5 hxg5 45. Rf1 Rh8 46. Rf5 Nd7 47. Rxg5
Rxh3 48. Rg6 Rh4+ 49. Kc3 1-0

[Event "2. Bundesliga Ost 2016/2017"]
[Site "alle Wien"]
[Date "2017.03.05"]
[Round "9"]
[Board "3"]
[White "Sadilek, Peter"]
[Black "Zojer, Stefan"]
[Result "0-1"]
[WhiteElo "2274"]
[BlackElo "2095"]
[PlyCount "112"]
[EventDate "2016.10.15"]
[EventType "team"]
[EventRounds "11"]
[EventCountry "AUT"]
[WhiteTeam "tschaturanga"]
[BlackTeam "SK Advisory Invest Baden"]

1. d4 Nf6 2. c4 g6 3. Nc3 Bg7 4. e4 d6 5. Be2 O-O 6. Nf3 e5 7. d5 Nbd7 8. Bg5
a5 9. Nd2 h6 10. Be3 Nxe4 11. Ndxe4 f5 12. h4 fxe4 13. Qd2 Kh7 14. g4 Nf6 15.
g5 Ng4 16. Bxg4 Bxg4 17. gxh6 Bf6 18. Nxe4 Bf3 19. Ng5+ Bxg5 20. Bxg5 Qd7 21.
Rh2 Qg4 22. Kf1 Qxc4+ 23. Kg1 Bxd5 24. Qc3 Qg4+ 25. Qg3 Qe6 26. Rc1 c6 27. f4
Rf5 28. Re2 Raf8 29. Rce1 e4 30. Qc3 R8f7 31. Rg2 Bxa2 32. Qg3 Rb5 33. Re3 Rb3
34. h5 Rxe3 35. hxg6+ Qxg6 36. Qxe3 Bd5 37. Bd8 Qh5 38. Qg3 Rd7 39. Bf6 e3 40.
Qxe3 Bxg2 41. Kxg2 Qxh6 42. Bg5 Qg7 43. Kg3 d5 44. Kg4 d4 45. Qe4+ Qg6 46. f5
Qf7 47. Qd3 c5 48. b3 a4 49. bxa4 c4 50. Qh3+ Kg8 51. Qg3 Qe8 52. Bh6 Kh7 53.
Qh2 d3 54. Bf4+ Kg8 55. Be5 Rh7 56. Qg2 Qxe5 0-1

[Event "2. Bundesliga Ost 2016/2017"]
[Site "alle Wien"]
[Date "2017.03.05"]
[Round "9"]
[Board "4"]
[White "Purgar, Ivona"]
[Black "Sadilek, Maximilian"]
[Result "1-0"]
[WhiteElo "2134"]
[BlackElo "2258"]
[PlyCount "81"]
[EventDate "2016.10.15"]
[EventType "team"]
[EventRounds "11"]
[EventCountry "AUT"]
[WhiteTeam "SK Advisory Invest Baden"]
[BlackTeam "tschaturanga"]

1. e4 Nc6 2. d4 d5 3. e5 f6 4. f4 Nh6 5. Be2 Bf5 6. a3 e6 7. Nf3 Be4 8. O-O Qd7
9. b4 a5 10. b5 Ne7 11. Nfd2 Bg6 12. a4 Nef5 13. Nb3 fxe5 14. fxe5 Be7 15. Bh5
O-O 16. Bf4 b6 17. N1d2 Bxh5 18. Qxh5 g6 19. Qe2 g5 20. Be3 Qe8 21. Bf2 Qg6 22.
c4 g4 23. cxd5 g3 24. Bxg3 Nxg3 25. hxg3 exd5 26. Rac1 Ng4 27. Rf4 h5 28. Rc6
Qg7 29. Qf3 Bg5 30. Qxd5+ Kh8 31. Qe4 Rf7 32. Rg6 Bxf4 33. Rxg7 Be3+ 34. Qxe3
Rxg7 35. Qf3 Re8 36. Ne4 Ree7 37. Qf8+ Kh7 38. Nf6+ Kg6 39. Nxg4 hxg4 40. Qf6+
Kh7 41. e6 1-0

[Event "2. Bundesliga Ost 2016/2017"]
[Site "alle Wien"]
[Date "2017.03.05"]
[Round "9"]
[Board "5"]
[White "Morgunov, Daniel"]
[Black "Trippold, Denise"]
[Result "1/2-1/2"]
[WhiteElo "2092"]
[BlackElo "2088"]
[PlyCount "68"]
[EventDate "2016.10.15"]
[EventType "team"]
[EventRounds "11"]
[EventCountry "AUT"]
[WhiteTeam "tschaturanga"]
[BlackTeam "SK Advisory Invest Baden"]

1. e4 c5 2. Nf3 e6 3. d4 cxd4 4. Nxd4 Nc6 5. Nc3 Qc7 6. Be2 a6 7. O-O d6 8. Be3
Be7 9. f4 Nf6 10. Kh1 O-O 11. Qe1 Nxd4 12. Bxd4 b5 13. Qg3 Bb7 14. a3 Rad8 15.
Rae1 Rd7 16. Bd3 Re8 17. e5 dxe5 18. Bxe5 Qd8 19. Ne4 Nh5 20. Qg4 g6 21. Ng5 f5
22. Qe2 Nxf4 23. Bxf4 Bxg5 24. Be5 Bf6 25. Rd1 Bxe5 26. Qxe5 Rd4 27. Bxf5 Rxd1
28. Bxe6+ Rxe6 29. Qxe6+ Kg7 30. Qe5+ Kh6 31. Qe3+ g5 32. Qe6+ Kg7 33. Qe5+ Kg8
34. Qe6+ Kg7 1/2-1/2

[Event "2. Bundesliga Ost 2016/2017"]
[Site "alle Wien"]
[Date "2017.03.05"]
[Round "9"]
[Board "6"]
[White "Hofegger, Jakob"]
[Black "Leitner, Gerald"]
[Result "1-0"]
[WhiteElo "2072"]
[BlackElo "2160"]
[PlyCount "88"]
[EventDate "2016.10.15"]
[EventType "team"]
[EventRounds "11"]
[EventCountry "AUT"]
[WhiteTeam "SK Advisory Invest Baden"]
[BlackTeam "tschaturanga"]

1. Nf3 c5 2. g3 Nc6 3. Bg2 Nf6 4. O-O g6 5. Re1 d5 6. d3 Bg7 7. Nbd2 O-O 8. e4
e6 9. Qe2 a5 10. Nf1 a4 11. a3 b6 12. e5 Nd7 13. Bf4 Bb7 14. h4 Re8 15. Bh3 b5
16. N1h2 Ne7 17. h5 d4 18. hxg6 Nxg6 19. Bg5 Qc7 20. Ng4 Bxf3 21. Qxf3 Ndxe5
22. Nf6+ Bxf6 23. Qxf6 Nd7 24. Qf3 Rac8 25. Re4 Kg7 26. Qh5 Qd6 27. Rae1 Kg8
28. f4 Rf8 29. Bxe6 fxe6 30. Rxe6 Qxe6 31. Rxe6 Rf7 32. Qe2 Kg7 33. Re8 Rc6 34.
Qh5 Ngf8 35. Re7 Rxe7 36. Bxe7 Ng6 37. Qd5 Nxe7 38. Qxd7 Kf7 39. Kf2 b4 40. Qa7
bxa3 41. bxa3 c4 42. Qxd4 cxd3 43. Qxd3 h6 44. c4 Rb6 1-0

[Event "2. Bundesliga Ost 2016/2017"]
[Site "alle Wien"]
[Date "2017.03.05"]
[Round "9"]
[Board "1"]
[White "Bachofner, Andreas"]
[Black "Pacher, Milan"]
[Result "0-1"]
[WhiteElo "2214"]
[BlackElo "2493"]
[PlyCount "106"]
[EventDate "2016.10.15"]
[EventType "team"]
[EventRounds "11"]
[EventCountry "AUT"]
[WhiteTeam "Blackburne Nickelsdorf 2"]
[BlackTeam "SK Austria"]

1. e4 c5 2. c4 Nc6 3. Nc3 g6 4. g3 Bg7 5. Bg2 Nf6 6. Nge2 O-O 7. O-O d6 8. d3
a6 9. Rb1 Rb8 10. a3 b5 11. cxb5 axb5 12. b4 cxb4 13. axb4 Bg4 14. h3 Bxe2 15.
Nxe2 Nd7 16. Qb3 Qb6 17. Be3 Nd4 18. Qb2 Nxe2+ 19. Qxe2 Bd4 20. Bh6 Rfc8 21.
Rfc1 Ne5 22. h4 Qa7 23. Bh3 Rxc1+ 24. Bxc1 Ra8 25. Bb2 Qa2 26. Ra1 Ra4 27. Rxa2
Rxa2 28. Qc2 Rxb2 29. Qc8+ Kg7 30. h5 Bxf2+ 31. Kf1 Bxg3 32. h6+ Kf6 33. Bg4
Rf2+ 34. Kg1 Kg5 35. Bd1 Rd2 36. d4 Rxd4 37. Qc2 Kxh6 38. Be2 Bf4 39. Qc3 Rd2
40. Qh3+ Kg7 41. Bxb5 h5 42. Kf1 Ng4 43. Qc3+ e5 44. Ke1 Ra2 45. Qb3 Rg2 46.
Be2 Rg1+ 47. Bf1 Ne3 48. b5 Nxf1 49. Kf2 Be3+ 50. Ke2 Bb6 51. Qf3 Ng3+ 52. Kd3
h4 53. Kc4 h3 0-1

[Event "2. Bundesliga Ost 2016/2017"]
[Site "alle Wien"]
[Date "2017.03.05"]
[Round "9"]
[Board "2"]
[White "Mazur, Stefan"]
[Black "Bury, Rastislav"]
[Result "1-0"]
[WhiteElo "2446"]
[BlackElo "2159"]
[PlyCount "37"]
[EventDate "2016.10.15"]
[EventType "team"]
[EventRounds "11"]
[EventCountry "AUT"]
[WhiteTeam "SK Austria"]
[BlackTeam "Blackburne Nickelsdorf 2"]

1. e4 c5 2. Nf3 d6 3. d4 cxd4 4. Nxd4 Nf6 5. f3 a6 6. c4 g6 7. Nc3 Bg7 8. Be3
Nc6 9. Qd2 Nd7 10. Be2 Nxd4 11. Bxd4 O-O 12. Bxg7 Kxg7 13. h4 h6 14. O-O-O b6
15. f4 f6 16. g4 Bb7 17. g5 fxg5 18. hxg5 hxg5 19. Qd4+ 1-0